Mujer contra Mujer - Mecano - Estadísticas

Estadísticas generales
  • Esta prueba ha sido intentada 21 veces
    20 desde el último reinicio
  • La puntuación promedio es 118 de 146
Estadísticas de respuestas
Respuesta % Correcto
a
100%
Cuando
100%
de
100%
De
100%
debajo
100%
del
100%
detiene
100%
mantel
100%
Mujer
100%
mujer
100%
palomas
100%
por
100%
Quién
100%
ras
100%
se
100%
100%
su
100%
suelo
100%
Volando
100%
Y
100%
al
93%
con
93%
contra
93%
dan
93%
Dos
93%
El
93%
el
93%
hacen
93%
la
93%
La
93%
lo
93%
Lo
93%
mano
93%
mujeres
93%
no
93%
No
93%
que
93%
¿qué
93%
qué
93%
Que
93%
vuelo
93%
aquello
87%
bien
87%
demás
87%
está
87%
hacer?
87%
hacer
87%
las
87%
le
87%
los
87%
más
87%
opina
87%
opinen
87%
Un
87%
Una
87%
va
87%
amor
80%
especial
80%
Nada
80%
nada
80%
ocultar
80%
otra
80%
tienen
80%
después
73%
hay
73%
matiz
73%
viene
73%
ciudad
67%
en
67%
manos
67%
me
67%
pasear
67%
piel
67%
sale
67%
Si
67%
sin
67%
yo
67%
dónde
60%
esconderlo
60%
estoy
60%
Luego
60%
perder
60%
piedra
60%
solas
60%
Tras
60%
amistad
53%
Aunque
53%
disfrazan
53%
labor
53%
pared
53%
primera
53%
resto
53%
tirarles
53%
cueros
47%
ellas
47%
equivoco
47%
mis
47%
ocasión
47%
salón
47%
piedras
40%
siquiera
40%
gusto
33%
labio
33%
Ni
33%
toser
33%
ya
33%
atrevería
27%
hallo
20%
No se encontraron pruebas coincidentes
Distribución de puntuación
Porcentaje de gente con cada puntuación
Porcentaje por número respondido
Historial de tus puntuaciones
No has intentado esta prueba desde el último reinicio